Florante at Laura : sa ngalan ng pag-ibig / (Record no. 21959)

000 -LEADER
fixed length control field 00460nam a22001457a 4500
003 - CONTROL NUMBER IDENTIFIER
control field OSt
005 - DATE AND TIME OF LATEST TRANSACTION
control field 20260127123535.0
008 - FIXED-LENGTH DATA ELEMENTS--GENERAL INFORMATION
fixed length control field 260126b2015 xxu|a||| |||| 00| 0 eng d
040 ## - CATALOGING SOURCE
Transcribing agency csu
100 ## - MAIN ENTRY--PERSONAL NAME
Personal name Balagtas, Francisco
Relator term author.
245 ## - TITLE STATEMENT
Title Florante at Laura : sa ngalan ng pag-ibig /
Statement of responsibility, etc ni Francisco Balagtas
260 ## - PUBLICATION, DISTRIBUTION, ETC. (IMPRINT)
Place of publication, distribution, etc Mindmaster Publishing, Inc. :
Name of publisher, distributor, etc [name of publisher not identified],
Date of publication, distribution, etc c2015.
300 ## - PHYSICAL DESCRIPTION
Extent 55 pages :
Other physical details illustrations.
942 ## - ADDED ENTRY ELEMENTS (KOHA)
Source of classification or shelving scheme
Koha item type Books
Holdings
Price effective from Permanent Location Date last seen Not for loan Date acquired Source of classification or shelving scheme Koha item type Uniform Resource Identifier Lost status Withdrawn status Copy number Source of acquisition Collection code Damaged status Barcode Shelving location Current Location
2026-01-26Cagayan State University - Carig Library2026-01-26 2026-01-26 Books1  C000992DonationsChildren Section CS C992 B1713Children SectionCagayan State University - Carig Library

Cagayan State University University Library, Carig Campus
Tuguegarao City, Cagayan 3500 | www.csucarig.edu.ph

Powered by Koha